|
|
|
|
| LEADER |
00000aam a2200000 a 4500 |
| 001 |
vtls001314626 |
| 003 |
SK-MaSNL |
| 005 |
20260301155856.0 |
| 008 |
240315s1926 xo g 0000pdslo |
| 035 |
|
|
|a SNK000267089
|
| 040 |
|
|
|a SNK
|b slo
|c SNK
|e AACR2
|
| 041 |
0 |
|
|a slo
|
| 044 |
|
|
|a xo
|c SK
|
| 072 |
|
7 |
|a 821.162.4-1
|x Slovenská poézia
|2 konspekt
|
| 080 |
|
|
|a 821.162.4-1
|2 2011
|
| 080 |
|
|
|a "18"
|2 2011
|
| 100 |
1 |
|
|a Pauliny-Tóth, Viliam,
|d 1826-1877
|4 aut
|9 37125
|
| 245 |
1 |
|
|a Spisy Viliama Paulinyho-Tótha
|n 1.
|b básne
|
| 260 |
|
|
|a V Turčianskom Sv. Martine
|b Tlačou Matice slovenskej a Kníhtlač. účast. spolku
|c 1926
|
| 300 |
|
|
|a 160, [4] s.
|c 8° (19 cm)
|
| 505 |
1 |
|
|a Doslav/Jaroslav Vlček
|
| 561 |
|
|
|a Proveniencia: Rkp. exlibris: Horský Mikuláš.
|5 SVKBB: svkbbO 2910
|
| 648 |
|
7 |
|a 19. stor.
|2 SVKBBPH
|9 278793
|
| 655 |
|
7 |
|a slovenská poézia
|2 SNKPH
|9 70444
|
| 700 |
1 |
|
|a Vlček, Jaroslav,
|d 1860-1930
|4 aft
|9 90337
|
| 700 |
1 |
|
|a Horský, Mikuláš
|4 fmo
|9 520660
|
| 852 |
|
|
|a Štátna vedecká knižnica v Banskej Bystrici
|b Fond starých a vzácnych dokumentov
|
| 958 |
|
|
|a DG
|
| 958 |
|
|
|a ONDV
|
| 999 |
|
|
|c 803039
|d 804969
|
| 952 |
|
|
|a SNK
|b SNK
|y PREZ
|7 0
|p 17A0119829
|o snkSD 451/5 D2
|0 0
|1 0
|4 0
|d 1998-01-22
|l 0
|r 2005-01-02 00:00:00
|w 2026-02-24
|
| 952 |
|
|
|a SNK
|b SNK
|y PREZ
|7 0
|p 17A0851226
|o snkSD 451/5
|i snk132/28
|0 0
|1 0
|4 0
|d 2014-05-21
|l 0
|r 2025-10-16 00:00:00
|w 2026-02-24
|
| 952 |
|
|
|a SNK
|b SNK
|y PREZ
|7 0
|p 17A0114342
|o snkSD 451/5 D1
|z rekatalogizácia
|0 0
|1 0
|4 0
|d 1997-12-15
|l 0
|r 2005-01-02 00:00:00
|w 2026-02-24
|